书目信息 |
| 题名: |
功能食品生理特性与检测技术
|
|
| 作者: | 毛跟年 , 许牡丹 主编 | |
| 分册: | ||
| 出版信息: | 北京 化学工业出版社 2005 |
|
| 页数: | 673页 | |
| 开本: | 26cm | |
| 丛书名: | ||
| 单 册: | ||
| 中图分类: | TS218 | |
| 科图分类: | ||
| 主题词: | 疗效食品--生理生化特性 , 疗效食品--食品检验 | |
| 电子资源: | ||
| ISBN: | 7-5025-6044-0 | |
| 000 | 01032nam0 2200277 450 | |
| 001 | 05002771866 | |
| 005 | 20051226090751.89 | |
| 010 | @a7-5025-6044-0@dCNY88.00 | |
| 092 | @aCN | |
| 100 | @a20050120d2005 ekmy0chiy0120 ea | |
| 101 | 0 | @achi |
| 102 | @aCN@b110000 | |
| 105 | @ak az 000yy | |
| 200 | 1 | @a功能食品生理特性与检测技术@9gong neng shi pin sheng li te xing yu jian ce ji shu@f毛跟年,许牡丹主编@Fmao gen nian,xu mu dan zhu bian |
| 210 | @a北京@c化学工业出版社@d2005 | |
| 215 | @a673页@d26cm | |
| 320 | @a有书目 | |
| 330 | @a本书从三篇分别对功能食品的生理特性、保健功能和功能因子(或有效成分)的检测方法进行了阐述。上篇阐述了具有调节免疫、改善胃肠道功能等的食品的生理特性;中篇介绍了部分保健功能的检测方法;下篇介绍了一百多种功能因子(或有效成分)的检测方法。 | |
| 606 | 0 | @a疗效食品@x生理生化特性 |
| 606 | 0 | @a疗效食品@x食品检验 |
| 690 | @aTS218@v4 | |
| 701 | 0 | @a毛跟年@Amao gen nian@4主编 |
| 701 | 0 | @a许牡丹@Axu mu dan@4主编 |
| 801 | 0 | @aCN@bCXYBOOK@c20051226 |
| 905 | @a10447@dTS218@e41 | |
| 999 | @aHSJ | |
| 功能食品生理特性与检测技术/毛跟年,许牡丹主编.-北京:化学工业出版社,2005 |
| 673页;26cm |
| ISBN 7-5025-6044-0:CNY88.00 |
| 本书从三篇分别对功能食品的生理特性、保健功能和功能因子(或有效成分)的检测方法进行了阐述。上篇阐述了具有调节免疫、改善胃肠道功能等的食品的生理特性;中篇介绍了部分保健功能的检测方法;下篇介绍了一百多种功能因子(或有效成分)的检测方法。 |
| ● |
| 相关链接 |
|
|
|
|
正题名:功能食品生理特性与检测技术
索取号:TS218/41
 
预约/预借
| 序号 | 登录号 | 条形码 | 馆藏地/架位号 | 状态 | 备注 |
| 1 | 0372464 | 203724648 | 第二样本阅览室/ [索取号:TS218/41] | 在馆 | |
| 2 | 0372465 | 203724657 | 第三借阅区/ [索取号:TS218/41] | 在馆 | |
| 3 | 0372466 | 203724666 | 第三借阅区/ [索取号:TS218/41] | 在馆 |